[Event "4NCL"]
[Site "Barcelo Hotel, Hinckley Island"]
[Date "2011.01.15"]
[Round "3.11"]
[White "Emms, John M"]
[Black "Webb, Laurence E"]
[Result "1-0"]
[WhiteElo "2475"]
[BlackElo "2307"]
[PlyCount "115"]
[EventDate "2011.??.??"]
[WhiteTeam "Pride & Prejudice"]
[BlackTeam "Betsson.com"]

1. e4 e6 2. d4 d5 3. Nd2 Nf6 4. Bd3 c5 5. e5 Nfd7 6. c3 b6 7. Ne2 Ba6 8. Bxa6
Nxa6 9. O-O cxd4 10. cxd4 Nb4 11. Nf3 Be7 12. Bd2 Nc6 13. Qa4 Na5 14. b3 O-O
15. Rac1 a6 16. Nf4 Nb7 17. Qc6 Na5 18. Qa4 Nb7 19. Bb4 b5 20. Qa3 Bxb4 21.
Qxb4 Nb6 22. Nd3 Rc8 23. Rxc8 Qxc8 24. Rc1 Qd7 25. Nc5 Nxc5 26. dxc5 Nc8 27. c6
Qc7 28. a4 Na7 29. Qd6 Rc8 30. Nd4 h6 31. g3 Qb6 32. Qc5 Qxc5 33. Rxc5 Kf8 34.
f4 Ke7 35. Kf2 Kd8 36. f5 Ke7 37. fxe6 fxe6 38. a5 Rc7 39. Ke3 Rc8 40. Rc1 Rc7
41. h4 Rc8 42. g4 Rc7 43. g5 hxg5 44. hxg5 Kf7 45. Kf4 Rc8 46. Kg4 Kg6 47. b4
Rc7 48. Rc2 Kf7 49. Kh5 Rc8 50. g6+ Ke7 51. Rf2 Rf8 52. Rxf8 Kxf8 53. Nxe6+ Ke7
54. Nxg7 Nxc6 55. Nf5+ Kf8 56. e6 d4 57. g7+ Kg8 58. Kh6 1-0

[Event "4NCL"]
[Site "Barcelo Hotel, Hinckley Island"]
[Date "2011.01.15"]
[Round "3.11"]
[White "Ledger, Dave J"]
[Black "Milliet, Sophie"]
[Result "1/2-1/2"]
[WhiteElo "2261"]
[BlackElo "2375"]
[PlyCount "125"]
[EventDate "2011.??.??"]
[WhiteTeam "Betsson.com"]
[BlackTeam "Pride & Prejudice"]

1. e4 c5 2. Nf3 e6 3. d4 cxd4 4. Nxd4 Nc6 5. Nc3 Qc7 6. Be3 a6 7. Qd2 Nf6 8.
Nb3 Bb4 9. f3 d5 10. a3 Bxc3 11. Qxc3 dxe4 12. fxe4 Qe5 13. Qxe5 Nxe5 14. Bd4
Ned7 15. Nd2 e5 16. Bf2 O-O 17. O-O-O b5 18. Bd3 Bb7 19. Rhe1 Rac8 20. Nb3 Rc7
21. Re2 Rfc8 22. c3 h6 23. Bc2 Ba8 24. Na5 Nb8 25. Bg3 Re8 26. Bh4 Nc6 27. Bxf6
gxf6 28. Nb3 a5 29. Rf2 Kg7 30. Rd3 a4 31. Nd2 Ne7 32. Rg3+ Ng6 33. h4 h5 34.
Bd1 Rh8 35. Be2 Bc6 36. Rf5 Rd7 37. Bxh5 Rxd2 38. Kxd2 Bxe4 39. Bxg6 fxg6 40.
Rf2 Rxh4 41. Rh3 Rg4 42. Rh2 f5 43. Re2 Kf6 44. Ke3 Bd5 45. Rd2 Ke6 46. Kf2 f4
47. Kf1 Bc4+ 48. Kf2 e4 49. Rd8 Bd5 50. Rb8 e3+ 51. Ke2 Kd6 52. Kd3 Rg5 53.
Rxb5 Be4+ 54. Kxe4 Rxb5 55. g3 Re5+ 56. Kf3 g5 57. gxf4 gxf4 58. Rh1 Rf5 59.
Rd1+ Rd5 60. Rh1 Rf5 61. Rd1+ Rd5 62. Rh1 Rf5 63. Ke4 1/2-1/2

[Event "4NCL"]
[Site "Barcelo Hotel, Hinckley Island"]
[Date "2011.01.15"]
[Round "3.11"]
[White "Kilpatrick, Callum"]
[Black "Yurenok, Maria S"]
[Result "1-0"]
[WhiteElo "2247"]
[BlackElo "2092"]
[PlyCount "127"]
[EventDate "2011.??.??"]
[WhiteTeam "Pride & Prejudice"]
[BlackTeam "Betsson.com"]

1. e4 c5 2. Nf3 e6 3. d4 cxd4 4. Nxd4 Nc6 5. Nc3 Qc7 6. g3 a6 7. Bg2 Nf6 8. O-O
Nxd4 9. Qxd4 Bc5 10. Bf4 d6 11. Qd3 h6 12. Na4 e5 13. Bd2 Be6 14. Qc3 Rc8 15.
Nxc5 Qxc5 16. Rfd1 Rc6 17. Qxc5 dxc5 18. f4 Nd7 19. f5 Bc4 20. Bf3 Rc7 21. a4
f6 22. Bh5+ Bf7 23. Bxf7+ Kxf7 24. Be3 Ke7 25. Rd5 a5 26. Rad1 b6 27. Rd6 Rb8
28. R1d5 Rbb7 29. Kg2 Kf7 30. Kf3 Nb8 31. Ke2 Nc6 32. c3 Ne7 33. Rd2 Rc6 34.
Rd8 Rc8 35. Rxc8 Nxc8 36. Rd8 Rc7 37. Kf3 Ke7 38. Rh8 Nd6 39. h4 Rc8 40. Rxc8
Nxc8 41. g4 Kf7 42. b3 Nd6 43. Bc1 g5 44. fxg6+ Kxg6 45. h5+ Kg7 46. Ke3 Kf7
47. Kd3 Kg7 48. Be3 Kh7 49. b4 c4+ 50. Kc2 Nc8 51. Kb2 Kg7 52. Ka3 Kh7 53. Bxb6
Nxb6 54. bxa5 Nc8 55. Kb4 Kg7 56. Kxc4 Kf7 57. Kc5 Ke7 58. Kc6 Kd8 59. a6 Ne7+
60. Kb7 Nc8 61. a7 Nxa7 62. Kxa7 Kc7 63. Ka6 Kc6 64. a5 1-0

[Event "4NCL"]
[Site "Barcelo Hotel, Hinckley Island"]
[Date "2011.01.15"]
[Round "3.12"]
[White "McDonald, Neil"]
[Black "Hawkins, Jonathan"]
[Result "1/2-1/2"]
[WhiteElo "2460"]
[BlackElo "2429"]
[PlyCount "62"]
[EventDate "2011.??.??"]
[WhiteTeam "Wood Green Hilsmark 2"]
[BlackTeam "Cheddleton 1"]

1. e4 e5 2. Nf3 Nc6 3. Bb5 a6 4. Ba4 Nf6 5. O-O Be7 6. Re1 b5 7. Bb3 O-O 8. c3
d5 9. exd5 Nxd5 10. Nxe5 Nxe5 11. Rxe5 c6 12. d4 Bd6 13. Re1 Qh4 14. g3 Qh3 15.
Qe2 Bd7 16. Qf1 Qf5 17. Be3 Rae8 18. Nd2 h5 19. Qg2 h4 20. Bxd5 cxd5 21. f4
hxg3 22. hxg3 b4 23. Nf3 bxc3 24. bxc3 f6 25. Nh4 Qh5 26. Bd2 Rxe1+ 27. Rxe1
Rb8 28. Bc1 Rc8 29. Re3 Rb8 30. Re1 Rc8 31. Re3 Rb8 1/2-1/2

[Event "4NCL"]
[Site "Barcelo Hotel, Hinckley Island"]
[Date "2011.01.15"]
[Round "3.12"]
[White "Gormally, Daniel W"]
[Black "Tissir, Mohamed"]
[Result "1/2-1/2"]
[WhiteElo "2484"]
[BlackElo "2464"]
[PlyCount "73"]
[EventDate "2011.??.??"]
[WhiteTeam "Cheddleton 1"]
[BlackTeam "Wood Green Hilsmark 2"]

1. c4 Nf6 2. Nc3 g6 3. g3 Bg7 4. Bg2 O-O 5. Nf3 d6 6. O-O c6 7. d3 d5 8. cxd5
cxd5 9. d4 Nc6 10. Ne5 e6 11. f4 Bd7 12. e3 Rc8 13. Bd2 Ne8 14. Rc1 f6 15. Nd3
Nd6 16. b3 Kh8 17. Qe2 Qe7 18. Rc2 Nf5 19. Qf2 Nd6 20. Rfc1 Be8 21. g4 Rd8 22.
a4 f5 23. g5 Ne4 24. Qe1 Nxd2 25. Qxd2 Nb4 26. Nxb4 Qxb4 27. Ne4 Qxd2 28. Nxd2
Bc6 29. a5 Rf7 30. Nf3 a6 31. Bf1 Ra8 32. b4 Rff8 33. Rc5 Rfc8 34. Ne5 Bxe5 35.
dxe5 Kg8 36. Kf2 Kf8 37. Be2 1/2-1/2

[Event "4NCL"]
[Site "Barcelo Hotel, Hinckley Island"]
[Date "2011.01.15"]
[Round "3.12"]
[White "Trent, Lawrence"]
[Black "Arkell, Keith C"]
[Result "1-0"]
[WhiteElo "2442"]
[BlackElo "2412"]
[PlyCount "87"]
[EventDate "2011.??.??"]
[WhiteTeam "Wood Green Hilsmark 2"]
[BlackTeam "Cheddleton 1"]

1. e4 c6 2. d4 d5 3. e5 c5 4. Nf3 cxd4 5. Nxd4 Nc6 6. c4 e6 7. Nc3 Bc5 8. Nxc6
bxc6 9. Qg4 Bf8 10. Bd3 Ne7 11. O-O Ng6 12. Qh5 Be7 13. f4 Bc5+ 14. Kh1 Qh4 15.
Qe2 O-O 16. Na4 Bd4 17. Be3 Bxe3 18. Qxe3 Rd8 19. b3 Qe7 20. Rad1 Bd7 21. Bxg6
fxg6 22. Qc5 Qxc5 23. Nxc5 a5 24. Kg1 Kf8 25. Kf2 Ke7 26. Rd4 Rf8 27. Ke3 g5
28. Rf2 Rf5 29. g4 gxf4+ 30. Rdxf4 Rxf4 31. Rxf4 Be8 32. Kd4 Rb8 33. Kc3 Bg6
34. a3 h5 35. gxh5 Bxh5 36. cxd5 cxd5 37. Ra4 Rb5 38. b4 axb4+ 39. axb4 Kf7 40.
Ra7+ Kg8 41. Rb7 Rxb7 42. Nxb7 Kf8 43. Nd6 Bg4 44. b5 1-0

[Event "4NCL"]
[Site "Barcelo Hotel, Hinckley Island"]
[Date "2011.01.15"]
[Round "3.12"]
[White "Martin, Andrew D"]
[Black "Eggleston, David J"]
[Result "1/2-1/2"]
[WhiteElo "2406"]
[BlackElo "2303"]
[PlyCount "29"]
[EventDate "2011.??.??"]
[WhiteTeam "Wood Green Hilsmark 2"]
[BlackTeam "Cheddleton 1"]

1. Nf3 Nf6 2. d4 e6 3. c4 b6 4. g3 Bb7 5. Bg2 Be7 6. O-O O-O 7. Nc3 Na6 8. Bg5
c5 9. Rc1 cxd4 10. Qxd4 h6 11. Bxf6 Bxf6 12. Qd2 Nc5 13. Rfd1 Rc8 14. Nd4 Bxg2
15. Kxg2 1/2-1/2

[Event "4NCL"]
[Site "Barcelo Hotel, Hinckley Island"]
[Date "2011.01.15"]
[Round "3.12"]
[White "Wallace, Paul A"]
[Black "Sowray, Peter J"]
[Result "0-1"]
[WhiteElo "2245"]
[BlackElo "2340"]
[PlyCount "82"]
[EventDate "2011.??.??"]
[WhiteTeam "Cheddleton 1"]
[BlackTeam "Wood Green Hilsmark 2"]

1. e4 e5 2. Nf3 Nc6 3. Bb5 a6 4. Ba4 Nf6 5. O-O b5 6. Bb3 Bc5 7. d3 d6 8. a4
Rb8 9. axb5 axb5 10. Be3 O-O 11. Nbd2 Qe7 12. Re1 Bxe3 13. fxe3 Be6 14. Bxe6
Qxe6 15. d4 Qd7 16. c3 Rfe8 17. Qb3 Rb6 18. h3 h6 19. Qc2 Rbb8 20. Ra6 Ra8 21.
Rea1 Rxa6 22. Rxa6 Nb8 23. Ra1 Qc6 24. d5 Qb6 25. Qd3 c6 26. c4 cxd5 27. cxd5
Na6 28. Nb3 Rc8 29. Ra5 Rb8 30. Ra1 Rc8 31. Ra5 Nb4 32. Rxb5 Qa6 33. Qf1 Nc2
34. Ra5 Qb6 35. Nfd2 Nxe4 36. Nxe4 Qxe3+ 37. Qf2 Qxe4 38. Qf3 Qe1+ 39. Kh2 Nd4
40. Qg4 f5 41. Qg6 Nf3+ 0-1

[Event "4NCL"]
[Site "Barcelo Hotel, Hinckley Island"]
[Date "2011.01.15"]
[Round "3.12"]
[White "Tiller, Bjorn"]
[Black "Van Weersel, Arlette"]
[Result "1-0"]
[WhiteElo "2393"]
[BlackElo "2219"]
[PlyCount "71"]
[EventDate "2011.??.??"]
[WhiteTeam "Wood Green Hilsmark 2"]
[BlackTeam "Cheddleton 1"]

1. f4 d5 2. Nf3 g6 3. g3 Bg7 4. Bg2 Nf6 5. O-O O-O 6. d3 c5 7. Nbd2 Ng4 8. Nb3
Qb6 9. e3 a5 10. a4 Nc6 11. h3 c4 12. Nbd4 Nxd4 13. hxg4 Nc6 14. Nh4 cxd3 15.
cxd3 Nb4 16. d4 Qd6 17. Bd2 b6 18. g5 Ba6 19. Bxb4 Qxb4 20. Rf2 Bc4 21. f5 Qd6
22. Qf3 h6 23. Qg4 h5 24. Qf3 Rad8 25. g4 hxg4 26. Qxg4 Bd3 27. Rc1 Qd7 28. Bf1
Bxf5 29. Nxf5 gxf5 30. Rxf5 e6 31. Rf2 e5 32. Qh5 Qd6 33. Bh3 f5 34. Bxf5 Rxf5
35. Rxf5 Qe6 36. g6 1-0

[Event "4NCL"]
[Site "Barcelo Hotel, Hinckley Island"]
[Date "2011.01.15"]
[Round "3.12"]
[White "McKenna, Jason P"]
[Black "Hegarty, Sarah N"]
[Result "1-0"]
[WhiteElo "2062"]
[BlackElo "2096"]
[PlyCount "59"]
[EventDate "2011.??.??"]
[WhiteTeam "Cheddleton 1"]
[BlackTeam "Wood Green Hilsmark 2"]

1. e4 c5 2. Nf3 Nc6 3. d4 cxd4 4. Nxd4 g6 5. c4 Bg7 6. Be3 Nf6 7. Nc3 Ng4 8.
Qxg4 Nxd4 9. Qd1 e5 10. Bd3 d6 11. Qd2 Be6 12. O-O O-O 13. Rac1 a6 14. b3 Qa5
15. Qb2 f5 16. exf5 Bxf5 17. Be4 Bxe4 18. Nxe4 Qd8 19. Qd2 Qd7 20. f3 Rac8 21.
Rfe1 d5 22. cxd5 Qxd5 23. Bh6 Rxc1 24. Qxc1 Bxh6 25. Qxh6 Nf5 26. Qc1 Qd4+ 27.
Kh1 Rd8 28. Qc7 Kh8 29. Ng5 Qd7 30. Qxd8+ 1-0

[Event "4NCL"]
[Site "Barcelo Hotel, Hinckley Island"]
[Date "2011.01.15"]
[Round "3.13"]
[White "Pitcher, John"]
[Black "Jirka, Jiri"]
[Result "0-1"]
[WhiteElo "2217"]
[BlackElo "2424"]
[PlyCount "80"]
[EventDate "2011.??.??"]
[WhiteTeam "Warwickshire Select 1"]
[BlackTeam "The AD's"]

1. e4 e5 2. Bc4 Nf6 3. d3 Nc6 4. Nc3 Na5 5. Qf3 Be7 6. Nge2 O-O 7. h3 d6 8. a4
Nxc4 9. dxc4 c6 10. b3 Be6 11. Bb2 Ne8 12. g4 a6 13. a5 g6 14. Qg2 Ng7 15. Rg1
Kh8 16. h4 Bxh4 17. O-O-O Bg5+ 18. Kb1 Qe7 19. Rd3 f6 20. Rh1 Bg8 21. Rhd1 Rfd8
22. f4 exf4 23. Nd4 Ne6 24. Nf3 Bh6 25. Na4 Bg7 26. Ba3 Nc5 27. Nxc5 dxc5 28.
Bxc5 Rxd3 29. Bxe7 Rxd1+ 30. Kb2 Re8 31. Qe2 Rh1 32. Qg2 Rd1 33. Qe2 Rd7 34.
Bc5 h6 35. Bb6 Bh7 36. Bd4 g5 37. e5 fxe5 38. Bxe5 Bxe5+ 39. Nxe5 Rde7 40. Nf7+
Kg7 0-1

[Event "4NCL"]
[Site "Barcelo Hotel, Hinckley Island"]
[Date "2011.01.15"]
[Round "3.13"]
[White "Cernousek, Lukas"]
[Black "Mason, Donald J"]
[Result "0-1"]
[WhiteElo "2410"]
[BlackElo "2255"]
[PlyCount "82"]
[EventDate "2011.??.??"]
[WhiteTeam "The AD's"]
[BlackTeam "Warwickshire Select 1"]

1. d4 Nf6 2. c4 e6 3. g3 c5 4. d5 exd5 5. cxd5 d6 6. Nc3 g6 7. Bg2 Bg7 8. Nf3
O-O 9. O-O Re8 10. Nd2 a6 11. a4 Nbd7 12. h3 Rb8 13. Nc4 Ne5 14. Na3 Nh5 15. e4
Bd7 16. a5 Qxa5 17. g4 Nf6 18. f4 Nexg4 19. hxg4 Nxg4 20. f5 h5 21. Nc2 Qd8 22.
Bf4 c4 23. Ne3 gxf5 24. Qd2 b5 25. Nxf5 Bxf5 26. exf5 b4 27. Ne4 c3 28. bxc3
bxc3 29. Nxc3 Rb2 30. Qxb2 Bd4+ 31. Rf2 Nxf2 32. Kf1 Qh4 33. Qd2 Nd3 34. Ne4
Bxa1 35. Bg3 Qg4 36. Qxd3 h4 37. Bxd6 Rc8 38. Nc5 Bd4 39. Nb3 Bb6 40. Be5 h3
41. Be4 Re8 0-1

[Event "4NCL"]
[Site "Barcelo Hotel, Hinckley Island"]
[Date "2011.01.15"]
[Round "3.13"]
[White "Thomas, Nicholas"]
[Black "Richardson, John R"]
[Result "1/2-1/2"]
[WhiteElo "2286"]
[BlackElo "2307"]
[PlyCount "116"]
[EventDate "2011.??.??"]
[WhiteTeam "Warwickshire Select 1"]
[BlackTeam "The AD's"]

1. e4 c6 2. d4 d5 3. Nd2 dxe4 4. Nxe4 Bf5 5. Ng3 Bg6 6. h4 h6 7. Nf3 Nd7 8. h5
Bh7 9. Bd3 Bxd3 10. Qxd3 Ngf6 11. Bd2 e6 12. O-O-O Be7 13. Ne4 Nxe4 14. Qxe4
Nf6 15. Qe2 Qd5 16. c4 Qe4 17. Qxe4 Nxe4 18. Be3 f5 19. Nd2 Nxd2 20. Rxd2 Kf7
21. Bf4 Bg5 22. g3 b5 23. Bxg5 hxg5 24. f3 bxc4 25. g4 Rad8 26. Kc2 Rd5 27. Kc3
Rhd8 28. Rhd1 e5 29. Kxc4 c5 30. Re2 cxd4 31. Kd3 Ke6 32. Rc1 fxg4 33. fxg4 Rf8
34. Rc6+ Rd6 35. Rc5 Rf3+ 36. Kd2 Rd5 37. Rc6+ Kd7 38. Rg6 d3 39. Rxg7+ Kd6 40.
Rg6+ Kc5 41. Re1 Kd4 42. h6 Rf2+ 43. Kd1 Rxb2 44. Ra6 Rb1+ 45. Kd2 Rxe1 46.
Ra4+ Kc5 47. Kxe1 Rd6 48. Kd2 Rxh6 49. Kxd3 Rd6+ 50. Ke3 Rd4 51. Ra5+ Kb6 52.
Rxe5 Rxg4 53. Kf3 Rg1 54. Kf2 Ra1 55. Rxg5 Rxa2+ 56. Ke1 Rc2 57. Kd1 Rc6 58.
Rg2 a6 1/2-1/2

[Event "4NCL"]
[Site "Barcelo Hotel, Hinckley Island"]
[Date "2011.01.15"]
[Round "3.13"]
[White "Wheeler, Darren P"]
[Black "Shephard, Chris CW"]
[Result "1-0"]
[WhiteElo "2236"]
[BlackElo "2222"]
[PlyCount "67"]
[EventDate "2011.??.??"]
[WhiteTeam "The AD's"]
[BlackTeam "Warwickshire Select 1"]

1. e4 c6 2. d4 d5 3. exd5 cxd5 4. c4 Nc6 5. Nc3 e6 6. Nf3 Nf6 7. c5 Be7 8. Bb5
O-O 9. O-O Bd7 10. Bxc6 bxc6 11. Re1 Kh8 12. Rb1 Ng8 13. b4 Bf6 14. Bf4 Be8 15.
a4 a6 16. b5 axb5 17. axb5 cxb5 18. Nxb5 Bxb5 19. Rxb5 Qc8 20. Qb3 Rd8 21. Rb7
Rd7 22. Rb6 Rda7 23. Rb1 Ra3 24. Qd1 Rc3 25. h3 h6 26. Rc1 Rxc1 27. Qxc1 Bd8
28. Rb3 Ne7 29. Bxh6 gxh6 30. Qxh6+ Kg8 31. Nh4 Ra1+ 32. Kh2 Bc7+ 33. f4 Ng6
34. Nxg6 1-0

[Event "4NCL"]
[Site "Barcelo Hotel, Hinckley Island"]
[Date "2011.01.15"]
[Round "3.13"]
[White "Hainke, Guntram"]
[Black "Anderton, David W"]
[Result "1-0"]
[WhiteElo "2295"]
[BlackElo "2208"]
[PlyCount "113"]
[EventDate "2011.??.??"]
[WhiteTeam "Warwickshire Select 1"]
[BlackTeam "The AD's"]

1. d4 f5 2. g3 Nf6 3. Bg2 g6 4. Nf3 Bg7 5. O-O O-O 6. b3 d6 7. Bb2 c6 8. c4 Na6
9. Nc3 h6 10. Qc2 g5 11. Rfe1 Qe8 12. e4 fxe4 13. Nxe4 Qg6 14. Nxf6+ Qxf6 15.
Re3 Rf7 16. Bc3 Bf5 17. Qe2 e6 18. Re1 Raf8 19. Nd2 Nc7 20. d5 Qxc3 21. Rxc3
Bxc3 22. dxc6 bxc6 23. Bxc6 Bd4 24. Rf1 d5 25. Kg2 g4 26. b4 h5 27. b5 Bc2 28.
cxd5 exd5 29. h4 Rxf2+ 30. Rxf2 Rxf2+ 31. Qxf2 Bxf2 32. Kxf2 Kf7 33. Ke3 Ke6
34. Kd4 Kd6 35. Nf1 Ba4 36. Ne3 Bxb5 37. Bxd5 Nxd5 38. Nxd5 Be8 39. a3 Bf7 40.
Nc3 a6 41. Ne4+ Ke7 42. Ke5 Bg6 43. Nc5 a5 44. a4 Bc2 45. Nb7 Bxa4 46. Nxa5 Bc2
47. Nc6+ Kf7 48. Nd8+ Kg6 49. Ne6 Ba4 50. Nf4+ Kh6 51. Kf6 Bb5 52. Ne6 Ba4 53.
Nd4 Be8 54. Nf5+ Kh7 55. Kg5 Bd7 56. Ne3 Be6 57. Ng2 1-0

[Event "4NCL"]
[Site "Barcelo Hotel, Hinckley Island"]
[Date "2011.01.15"]
[Round "3.13"]
[White "Snape, Ian L"]
[Black "Clarke, Brandon GI"]
[Result "1-0"]
[WhiteElo "2228"]
[BlackElo "2110"]
[PlyCount "101"]
[EventDate "2011.??.??"]
[WhiteTeam "The AD's"]
[BlackTeam "Warwickshire Select 1"]

1. e4 e6 2. d4 d5 3. Nc3 Bb4 4. e5 c5 5. a3 Bxc3+ 6. bxc3 Qc7 7. Qg4 f5 8. Qh5+
g6 9. Qd1 cxd4 10. cxd4 Bd7 11. Nf3 Ba4 12. Bd3 Qc3+ 13. Bd2 Qxd3 14. cxd3 Bxd1
15. Kxd1 Nc6 16. Rb1 b6 17. Ke2 h6 18. h4 Nge7 19. Rhc1 Kd7 20. a4 Rab8 21. Rc2
Na5 22. Bxa5 bxa5 23. Rcb2 Nc6 24. Rb7+ Kc8 25. Rxb8+ Nxb8 26. Kd2 Rh7 27. Rb5
Nc6 28. Kc3 Rb7 29. Nd2 Rb6 30. Nb3 Kc7 31. Nc5 Rxb5 32. Nxe6+ Kb6 33. axb5 Ne7
34. Kb3 Kxb5 35. Ka3 h5 36. Nf4 Kb6 37. Ka4 Ka6 38. Ne6 Kb6 39. Nf4 Ka6 40. Ne6
Kb6 41. Nc5 Nc6 42. Nb3 Ka6 43. e6 Kb6 44. Nxa5 Ne7 45. f4 Kc7 46. Kb5 Kd6 47.
Ka6 Nc8 48. Kb7 Nb6 49. Kxa7 Na4 50. Nb7+ Kc7 51. e7 1-0

[Event "4NCL"]
[Site "Barcelo Hotel, Hinckley Island"]
[Date "2011.01.15"]
[Round "3.13"]
[White "Bellin, Jana"]
[Black "James, Ann-Marie"]
[Result "0-1"]
[WhiteElo "2137"]
[BlackElo "2048"]
[PlyCount "128"]
[EventDate "2011.??.??"]
[WhiteTeam "The AD's"]
[BlackTeam "Warwickshire Select 1"]

1. d4 e6 2. Nf3 d5 3. c4 Nf6 4. Nc3 Bb4 5. Bg5 h6 6. Bh4 g5 7. Bg3 Ne4 8. Qb3
Nc6 9. e3 h5 10. Ne5 Bxc3+ 11. bxc3 Nxe5 12. Bxe5 f6 13. f3 Nd2 14. Kxd2 fxe5
15. Bd3 exd4 16. cxd4 c6 17. Qa3 Qf6 18. Rab1 Kf7 19. f4 dxc4 20. Bxc4 Rd8 21.
Qc5 Kg6 22. Bd3+ Kh6 23. Rhf1 g4 24. Be4 b6 25. Qxc6 Ba6 26. Qc7 Rxd4+ 27. exd4
Qxd4+ 28. Kc1 Rc8 29. Qxc8 Bxc8 30. Bc2 Ba6 31. Re1 Qxf4+ 32. Kb2 Qd4+ 33. Kc1
Bc4 34. Re4 Qc5 35. Kb2 Qb4+ 36. Bb3 Qd2+ 37. Ka3 Qa5+ 38. Kb2 Qd2+ 39. Ka3
Qd6+ 40. Kb2 Bd5 41. Rd1 Qxh2 42. Re2 h4 43. Bxd5 exd5 44. Rxd5 h3 45. Rdd2
hxg2 46. Rxg2 Qe5+ 47. Kb3 g3 48. Rge2 Qc5 49. Rc2 Qd5+ 50. Kb2 Kg5 51. Rcd2
Qc5 52. Rc2 Qb4+ 53. Kc1 Kf4 54. Rb2 Qa3 55. Kd1 Qc5 56. Rbc2 Qd4+ 57. Kc1 Kf3
58. Re8 Qf4+ 59. Kb2 g2 60. Rc3+ Kf2 61. Rc2+ Kf1 62. Rc6 Qb4+ 63. Ka1 g1=Q 64.
Rc1+ Kf2 0-1

[Event "4NCL"]
[Site "Barcelo Hotel, Hinckley Island"]
[Date "2011.01.15"]
[Round "3.14"]
[White "Parker, Jonathan F"]
[Black "Polaczek, Richard"]
[Result "1-0"]
[WhiteElo "2531"]
[BlackElo "2378"]
[PlyCount "53"]
[EventDate "2011.??.??"]
[WhiteTeam "Barbican 4NCL 1"]
[BlackTeam "Pandora's Box Grantham"]

1. d4 Nf6 2. c4 e6 3. Nf3 d5 4. Nc3 Be7 5. Bg5 O-O 6. e3 h6 7. Bh4 b6 8. Bd3
Bb7 9. O-O Nbd7 10. Qe2 c6 11. cxd5 exd5 12. Rad1 Ne4 13. Bg3 Re8 14. Ne5 Nxg3
15. hxg3 Nf6 16. f4 Bd6 17. g4 Ne4 18. Nxe4 dxe4 19. Bc4 Bxe5 20. dxe5 Qh4 21.
g5 b5 22. Bb3 hxg5 23. fxg5 Rxe5 24. Bxf7+ Kh8 25. Rf4 Qxg5 26. Qf2 g6 27. Bxg6
1-0

[Event "4NCL"]
[Site "Barcelo Hotel, Hinckley Island"]
[Date "2011.01.15"]
[Round "3.14"]
[White "Birtwistle, Nigel"]
[Black "Turner, Matthew J"]
[Result "0-1"]
[WhiteElo "2229"]
[BlackElo "2517"]
[PlyCount "70"]
[EventDate "2011.??.??"]
[WhiteTeam "Pandora's Box Grantham"]
[BlackTeam "Barbican 4NCL 1"]

1. d4 d5 2. c4 e6 3. Nc3 Nf6 4. cxd5 exd5 5. Bg5 Be7 6. e3 c6 7. Bd3 Be6 8.
Nge2 Nh5 9. Bxe7 Qxe7 10. Ng3 Nf6 11. Qc2 O-O 12. O-O c5 13. dxc5 Qxc5 14. e4
d4 15. Nd5 Qxc2 16. Nxf6+ gxf6 17. Bxc2 Na6 18. Nh5 Rac8 19. Nxf6+ Kg7 20. Nh5+
Kh8 21. Bd3 Nb4 22. Nf4 Bxa2 23. Rfd1 Rfd8 24. h3 a5 25. Rd2 b6 26. Bb5 Bb3 27.
Nd3 Rc2 28. Rxc2 Bxc2 29. Ne5 Kg7 30. Nc4 Bxe4 31. Ba4 Rb8 32. Rd1 b5 33. Nd6
Bd3 34. Bb3 a4 35. Ba2 Rb6 0-1

[Event "4NCL"]
[Site "Barcelo Hotel, Hinckley Island"]
[Date "2011.01.15"]
[Round "3.14"]
[White "D'Costa, Lorin AR"]
[Black "Capucci, Marcos"]
[Result "1-0"]
[WhiteElo "2441"]
[BlackElo "2229"]
[PlyCount "111"]
[EventDate "2011.??.??"]
[WhiteTeam "Barbican 4NCL 1"]
[BlackTeam "Pandora's Box Grantham"]

1. e4 d5 2. exd5 Nf6 3. Nf3 Bg4 4. d4 Qxd5 5. Nc3 Qf5 6. Be2 Nc6 7. d5 Rd8 8.
Bd3 Bxf3 9. Bxf5 Bxd1 10. dxc6 Bg4 11. Bxg4 Nxg4 12. cxb7 Rb8 13. f3 Nf6 14. b3
e6 15. Bb2 Rxb7 16. O-O-O Bd6 17. Rd3 Ke7 18. Ne4 Nxe4 19. fxe4 f6 20. c4 Rbb8
21. Rhd1 Rhd8 22. h3 Bc5 23. Kc2 Rxd3 24. Rxd3 c6 25. Bc3 g6 26. g4 Rf8 27. b4
Bd6 28. Bd2 Rb8 29. Rb3 a6 30. a4 h5 31. gxh5 gxh5 32. b5 axb5 33. axb5 cxb5
34. cxb5 Bc5 35. Kd3 Kd6 36. Kc4 Rc8 37. Bb4 Bxb4+ 38. Kxb4 Ke5 39. b6 Kxe4 40.
b7 Rb8 41. Kc5 e5 42. Kd6 Kf4 43. Kc7 Rf8 44. b8=Q Rxb8 45. Rxb8 e4 46. Kd6 e3
47. Ke6 e2 48. Rb1 Kg3 49. Kxf6 Kxh3 50. Re1 Kg4 51. Rxe2 h4 52. Re4+ Kg3 53.
Kg5 h3 54. Re3+ Kg2 55. Kg4 h2 56. Re2+ 1-0

[Event "4NCL"]
[Site "Barcelo Hotel, Hinckley Island"]
[Date "2011.01.15"]
[Round "3.14"]
[White "Burrows, Martin P"]
[Black "Collins, Sam E"]
[Result "0-1"]
[WhiteElo "2168"]
[BlackElo "2436"]
[PlyCount "102"]
[EventDate "2011.??.??"]
[WhiteTeam "Pandora's Box Grantham"]
[BlackTeam "Barbican 4NCL 1"]

1. e4 e5 2. Bc4 Nf6 3. d4 exd4 4. Nf3 Nc6 5. Ng5 Ne5 6. Qxd4 Nxc4 7. Qxc4 d5 8.
exd5 Qxd5 9. Qe2+ Be6 10. O-O Bd6 11. Nc3 Qe5 12. Qxe5 Bxe5 13. Nxe6 fxe6 14.
Ne2 Nd5 15. c3 O-O-O 16. Bg5 Rd6 17. Rae1 Rb6 18. Bc1 Rd8 19. a3 a5 20. g3 a4
21. Kg2 Bf6 22. Ng1 Rc6 23. Re4 Nb6 24. Rfe1 Nc4 25. Nf3 e5 26. g4 g6 27. h4 b5
28. R4e2 Rcd6 29. Bg5 Rf8 30. Bxf6 Rdxf6 31. Ng5 Rh8 32. Kg3 c6 33. Nf3 Rhf8
34. Ng5 Rh8 35. Nf3 Rhf8 36. Ng5 h6 37. Ne4 Rf3+ 38. Kg2 R3f4 39. Kh3 Rf3+ 40.
Kg2 R3f4 41. Kh3 Rd8 42. h5 Rd3+ 43. Ng3 g5 44. Kh2 Rxg4 45. Nf5 Rf4 46. Nxh6
Nd2 47. Rh1 Nf3+ 48. Kg2 Nh4+ 49. Kf1 e4 50. Ng8 e3 51. f3 Rxf3+ 0-1

[Event "4NCL"]
[Site "Barcelo Hotel, Hinckley Island"]
[Date "2011.01.15"]
[Round "3.14"]
[White "Ferguson, Mark"]
[Black "Cumbers, Paul"]
[Result "1-0"]
[WhiteElo "2379"]
[BlackElo "2214"]
[PlyCount "61"]
[EventDate "2011.??.??"]
[WhiteTeam "Barbican 4NCL 1"]
[BlackTeam "Pandora's Box Grantham"]

1. e4 e6 2. d4 d5 3. Nd2 Nc6 4. Ngf3 Nf6 5. e5 Nd7 6. Nb3 a5 7. Bf4 a4 8. Nc1
a3 9. b3 f6 10. Nd3 Be7 11. h4 O-O 12. g3 Kh8 13. Bh3 Na5 14. h5 f5 15. Be3 Re8
16. g4 fxg4 17. Bxg4 c5 18. Nf4 cxd4 19. Ng6+ hxg6 20. hxg6+ Bh4 21. Bg5 Qc7
22. Qxd4 Kg8 23. Rxh4 Nf8 24. Kd2 Nxg6 25. Bh5 Nxh4 26. Qxh4 g6 27. Bxg6 d4 28.
Rh1 Qc3+ 29. Ke2 d3+ 30. cxd3 Qc2+ 31. Nd2 1-0

[Event "4NCL"]
[Site "Barcelo Hotel, Hinckley Island"]
[Date "2011.01.15"]
[Round "3.15"]
[White "Baburin, Alexander"]
[Black "Berry, Neil"]
[Result "1-0"]
[WhiteElo "2539"]
[BlackElo "2331"]
[PlyCount "85"]
[EventDate "2011.??.??"]
[WhiteTeam "Wood Green Hilsmark 1"]
[BlackTeam "Barbican 4NCL 2"]

1. d4 Nf6 2. c4 e6 3. Nc3 Bb4 4. e3 b6 5. Bd3 Bb7 6. Nf3 O-O 7. O-O d5 8. a3
Bd6 9. Qc2 Nbd7 10. cxd5 exd5 11. Nb5 Qe7 12. Nxd6 Qxd6 13. b4 c6 14. a4 a6 15.
a5 b5 16. Bb2 Rfe8 17. Ne5 Nf8 18. f3 N6d7 19. Nxd7 Qxd7 20. e4 Qe7 21. Bc3 f6
22. Rae1 Qf7 23. e5 g6 24. exf6 Qxf6 25. Qf2 Re6 26. f4 Rae8 27. Re5 Nd7 28.
Rxe6 Qxe6 29. f5 Qe3 30. fxg6 h5 31. Bd2 Qxf2+ 32. Rxf2 Rf8 33. Re2 Nf6 34. Re7
Bc8 35. Bg5 Ne4 36. Bh6 Rd8 37. Bxe4 dxe4 38. Kf2 Bf5 39. Ke3 Kh8 40. Bf4 Kg8
41. Be5 Rc8 42. Rh7 Kf8 43. Rf7+ 1-0

[Event "4NCL"]
[Site "Barcelo Hotel, Hinckley Island"]
[Date "2011.01.15"]
[Round "3.15"]
[White "Collinson, Adam R"]
[Black "Pert, Nicholas"]
[Result "0-1"]
[WhiteElo "2390"]
[BlackElo "2570"]
[PlyCount "80"]
[EventDate "2011.??.??"]
[WhiteTeam "Barbican 4NCL 2"]
[BlackTeam "Wood Green Hilsmark 1"]

1. e4 e6 2. f4 d5 3. e5 c5 4. Nf3 Nc6 5. c3 Nh6 6. Na3 Be7 7. Nc2 d4 8. Bd3 f5
9. b3 O-O 10. Qe2 b6 11. Bb2 dxc3 12. dxc3 a6 13. Rd1 Qc7 14. O-O Bb7 15. Ne3
b5 16. Bb1 Rad8 17. a4 Qb6 18. axb5 axb5 19. h3 c4 20. b4 Nf7 21. h4 Rxd1 22.
Rxd1 Rd8 23. Kh2 Rxd1 24. Nxd1 Nh6 25. Nf2 Qd8 26. Ng5 Qd5 27. Nf3 Nf7 28. Bc1
Nfxe5 29. fxe5 Nxe5 30. Bf4 Nxf3+ 31. Qxf3 Qxf3 32. gxf3 Bxh4 33. Kg2 Bf6 34.
Bd2 g5 35. Kg3 Be5+ 36. f4 gxf4+ 37. Kh4 Kg7 38. Bc2 Bg2 39. Bd1 Bf6+ 40. Kh5
Bc6 0-1